F.H.G. company for human resources consultancy : (Record no. 4138)

MARC details
000 -LEADER
fixed length control field 00773nam a2200241 ar4500
001 - CONTROL NUMBER
control field 4140
005 - DATE AND TIME OF LATEST TRANSACTION
control field 20221127090900.0
006 - FIXED-LENGTH DATA ELEMENTS--ADDITIONAL MATERIAL CHARACTERISTICS
fixed length control field a a 000 0
008 - FIXED-LENGTH DATA ELEMENTS--GENERAL INFORMATION
fixed length control field 150312 su a | 000 0|eng d
090 ## - LOCALLY ASSIGNED LC-TYPE CALL NUMBER (OCLC); LOCAL CALL NUMBER (RLIN)
Classification number (OCLC) (R) ; Classification number, CALL (RLIN) (NR) SP-F
100 1# - MAIN ENTRY--PERSONAL NAME
Personal name Al Guwairy, Faraj Hmoud.
245 10 - TITLE STATEMENT
Title F.H.G. company for human resources consultancy :
Remainder of title a business plan in human resources consultancy at K.S.A /
Statement of responsibility, etc. by Faraj Al Guwairy.
260 ## - PUBLICATION, DISTRIBUTION, ETC.
Date of publication, distribution, etc. 2014.
300 ## - PHYSICAL DESCRIPTION
Extent 45 p. :
Other physical details ill. ;
Dimensions 30 cm.
500 ## - GENERAL NOTE
General note Supervisor: Dr. Owen Cargol.
504 ## - BIBLIOGRAPHY, ETC. NOTE
Bibliography, etc. note Includes bibl. references.
526 ## - STUDY PROGRAM INFORMATION NOTE
Program name Student project.
563 ## - BINDING INFORMATION
Binding note Spiral binding.
650 #4 - SUBJECT ADDED ENTRY--TOPICAL TERM
Topical term or geographic name entry element Personnel management
Geographic subdivision Saudi Arabia.
650 #4 - SUBJECT ADDED ENTRY--TOPICAL TERM
Topical term or geographic name entry element Employees.
650 #4 - SUBJECT ADDED ENTRY--TOPICAL TERM
Topical term or geographic name entry element Strategic planning.
650 #4 - SUBJECT ADDED ENTRY--TOPICAL TERM
Topical term or geographic name entry element Business enterprises
Geographic subdivision Saudi Arabia.

No items available.